000
00230nam a22000857a 4500
008
160716b xxu||||| |||| 00| 0 eng d
100
_9
2968
_a
London, J
245
_a
The Call of the Wild
260
_a
New Delhi
_b
Orient Publication
_c
2001
999
_c
2531
_d
2531